000 01274nam a22002057a 4500
008 250331e20250311xxk|||||o|||| 00| 0 eng d
041 _aeng
110 _aRoyal Institution of Chartered Surveyors
245 _aUK Residential Market Survey
_bFebruary 2025
_h[Electronic resource]
260 _aLondon,
_bRoyal Institution of Chartered Surveyors,
_cMarch 2025
300 _a17p
490 _aRICS UK Residential Market Survey
520 _aThe February 2025 RICS UK Residential Survey results are indicative of a modest slowdown across the sales market, with concerns over interest rates, inflation, and global events appearing to dampen buyer confidence somewhat. Moreover, the impending stamp duty deadline on the 1st of April is likely distorting the underlying demand picture at present, as well as contributing to uncertainty around the outlook for activity in the months ahead.
650 _aHOUSING MARKET
650 _aRESIDENTIAL PROPERTY
651 _aUnited Kingdom
710 _aRoyal Institution of Chartered Surveyors
856 _uhttps://www.rics.org/content/dam/ricsglobal/documents/market-surveys/uk-residential-market-survey/2_WEB_February_2025_RICS_UK_Residential_Market_Survey_tp.pdf
_zAvailable free on RICS.org
942 _n0
999 _c122131
_d122131